Щербачев Д. /Начальник Николаевской Академии генерального штаба/. О сборе средств для устройства памятника перед зданием генерал...

Доступно только в Электронных читальных залах Найти на картеНа карте
RUSMARC
00004681nac2a22002893x 450
0015af9a0db-f03b-4c48-805d-5ede4e196309
00520211210121820.0
100##$a20211120l1909 k y0rusy50 ca
1010#$arus
102##$aRU
105##$ay z |||||
1220#$ad19090513
2001#$aЩербачев Д. /Начальник Николаевской Академии генерального штаба/. О сборе средств для устройства памятника перед зданием генерального штаба в память убитых и раненых в различных войнах, веденных Россией
$j13 мая 1909
215##$a2 листа
251##$cДело
300##$aЗаголовок дела на папке: Письмо Щербачева Д. (начальника Николаевской академии) - Звегинцеву Ал. Ив. (О сборе средств для устройства памятника перед зданием Генерального штаба в память убитых и умерших от ран в различных войнах, веденных Россией)
300##$aМашинописный текст
330##$aВходит в раздел описи: 1. Письма к А. И. Звегинцову. 2/ Письма по служебной деятельности А. И. Звегинцова
461#0$1001fc48e33c-c630-4015-85dd-2f2aab656f45
$12001
$aЗвегинцев Александр Иванович, помещик Воронежской губернии, депутат III Государственной думы, член партии "Союз 17 октября"
$1251
$cФонд
$1852
$j932
462#0$1001ddcf82e7-7bd9-4c5e-b7f1-85df8b3febb3
$12001
$aДела постоянного хранения. 1899-1913 гг.
$vД. 397
$1251
$cОпись
$1852
$j1
5171#$aПисьмо Щербачева Д. (начальника Николаевской академии) - Звегинцеву Ал. Ив. (О сборе средств для устройства памятника перед зданием Генерального штаба в память убитых и умерших от ран в различных войнах, веденных Россией)
600#1$aЗвегинцев
$bА. И.
$gАлександр Иванович
600#1$aЩербачев
$bД.
60102$3RU\NLR\AUTH\886183
$aНиколаевская морская академия
$cПетербург
801#0$aRU
$bGA_RF
801#1$aRU
$bГлавНИВЦ
$c20211120
$2rusmarc
801#2$aRU
$bПБ им. Б.Н. Ельцина
$c20211210
$gRCR
$2rusmarc
852##$aГА РФ
$j397
937##$d171412590
$hГАРФ
035##$aRuPRLIB51062638
856##$uhttp://readingroom.main.prlib.ru/item.aspx?id_node=n171412590&mode=full
Формат отображения